|
|
|
|
| LEADER |
01066nab a2200289 i 4500 |
| 001 |
publ23340 |
| 005 |
20220128142827.0 |
| 008 |
220128s2020 hu o 0|| Magyar d |
| 022 |
|
|
|a 0030-6002
|
| 024 |
7 |
|
|a 10.1556/650.2020.31739
|2 doi
|
| 024 |
7 |
|
|a 31347883
|2 mtmt
|
| 040 |
|
|
|a SZTE Publicatio Repozitórium
|b hun
|
| 041 |
|
|
|a Magyar
|
| 100 |
1 |
|
|a Fogarassy György
|
| 245 |
1 |
2 |
|a A doxorubicinkezeléshez kapcsolódó szívelégtelenség kialakulásának rizikótényezői a hazai országos adatbázisok integrált, retrospektív elemzése alapján
|h [elektronikus dokumentum] /
|c Fogarassy György
|
| 260 |
|
|
|c 2020
|
| 300 |
|
|
|a 1094-1102
|
| 490 |
0 |
|
|a ORVOSI HETILAP
|v 161 No. 26
|
| 650 |
|
4 |
|a Klinikai orvostan
|
| 700 |
0 |
2 |
|a Fogarassyné Vathy Ágnes
|e aut
|
| 700 |
0 |
2 |
|a Kováts Tamás
|e aut
|
| 700 |
0 |
2 |
|a Hornyák Lajos
|e aut
|
| 700 |
0 |
2 |
|a Kenessey István
|e aut
|
| 700 |
0 |
2 |
|a Polgár Csaba
|e aut
|
| 700 |
0 |
2 |
|a Veress Gábor
|e aut
|
| 700 |
0 |
2 |
|a Forster Tamás
|e aut
|
| 856 |
4 |
0 |
|u http://publicatio.bibl.u-szeged.hu/23340/1/FogarassyOrvH2020.pdf
|z Dokumentum-elérés
|